• 首页
  • 本馆介绍
  • 公告通知
  • 最新文献
  • 馆藏检索
  • 电子资源
  • 读者荐购
  • 参考咨询
  • CALIS
  • 我的图书馆
  • 登录
  • 详细信息显示
  • 放入我的书架
  • 预约/预借图书
  • 作者相关作品
  • 分类相关作品
  • 丛书相关作品
  • 出版社相关作品

书目信息

  • 表格格式
  • 工作单格式
  • 卡片格式
题名:
华盛顿传
    
 
作者: 欧文 著 ;白如冰 译
分册:  
出版信息: 北京   团结出版社  2003.12
页数: 545页
开本: 21cm
丛书名: 插图本名人名传丛书
单 册:
中图分类: K837.12
科图分类:
主题词: 政治家--zheng zhi jia--传记--美国--近代
电子资源:
ISBN: 7-80130-709-7
 
 
 
 
 
000 01164nam 2200289 450
001 012008080140
005 20080317112533.48
010    @a7-80130-709-7@dCNY29.80
100    @a20080317d2003 km y0chiy0120 ea
101 1  @achi@ceng
102    @aCN@b110000
105    @aac z 000yb
106    @ar
200 1  @a华盛顿传@Ahua sheng dun chuan@d= George Washington,Irving Washington@f(美) 欧文·华盛顿著@F(mei)ou wen·hua sheng dun zhu@g白如冰译@Gbai ru bing yi@zeng
210    @a北京@c团结出版社@d2003.12
215    @a545页@c图, 肖像@d21cm
225 2  @a插图本名人名传丛书@Acha tu ben ming ren ming chuan cong shu
330    @a该书从少年时代、勇士、爱国者、临危受命以及首任总统五个专题,叙说了华盛顿的一生。书后附有华盛顿年表。
410  0 @12001 @a插图本名人名传丛书
510 1  @aGeorge Washington,Irving Washington@zeng
600  1 @a华盛顿@Ahua sheng dun@g(Washington, George),@f1732-1799@x传记
606 0  @a政治家@Azheng zhi jia@x传记@y美国@z近代
690    @aK837.12@v4
701  1 @a欧文@Aou wen@g(Irving, Washington),@f1783-1859@4著
702  0 @a白如冰@Abai ru bing@4译
801  0 @aCN@bQSSK@c20080317
905    @b20286551-53@dK837.12@eH694@f3
    
    华盛顿传= George Washington,Irving Washington/(美) 欧文·华盛顿著/白如冰译.-北京:团结出版社,2003.12
    545页:图, 肖像;21cm.-(插图本名人名传丛书)
    
    
    ISBN 7-80130-709-7:CNY29.80
    该书从少年时代、勇士、爱国者、临危受命以及首任总统五个专题,叙说了华盛顿的一生。书后附有华盛顿年表。
●
相关链接 在E读中查询图书 在当当中查询图书 在豆瓣中查询图书


正题名:华盛顿传     索取号:K837.12/H694         预约/预借

序号 登录号 条形码 馆藏地/架位号 状态 备注
1 286551   202865514   社科库309/309社科库 2排4列2层/ [索取号:K837.12/H694] 在馆    
2 286552   202865523   社科库309/309社科库 2排4列2层/ [索取号:K837.12/H694] 在馆    
3 286553   202865532   社科库309/309社科库 2排4列2层/ [索取号:K837.12/H694] 在馆    
河南城建学院图书馆 欢迎您!
大连网信软件有限公司© 版权所有